Legal research, analysis, and writing (Record no. 1976)

000 -LEADER
fixed length control field 00696nam a22002177a 4500
003 - CONTROL NUMBER IDENTIFIER
control field OSt
005 - DATE AND TIME OF LATEST TRANSACTION
control field 20151103094057.0
008 - FIXED-LENGTH DATA ELEMENTS--GENERAL INFORMATION
fixed length control field 151103b xxu||||| |||| 00| 0 eng d
020 ## - INTERNATIONAL STANDARD BOOK NUMBER
International Standard Book Number 9781133591900
050 ## - LIBRARY OF CONGRESS CALL NUMBER
Classification number KF240 .P885 2014
100 ## - MAIN ENTRY--PERSONAL NAME
Personal name Putman, William H.
245 ## - TITLE STATEMENT
Title Legal research, analysis, and writing
Statement of responsibility, etc William H. Putman, Jennifer R. Albright
250 ## - EDITION STATEMENT
Edition statement 3rd ed.
260 ## - PUBLICATION, DISTRIBUTION, ETC. (IMPRINT)
Place of publication, distribution, etc Clifton Park, NY
Name of publisher, distributor, etc Delmar Cengage Learning
Date of publication, distribution, etc 2014
300 ## - PHYSICAL DESCRIPTION
Extent xxii, 679 pages
Other physical details illustrations
Dimensions 28cm.
504 ## - BIBLIOGRAPHY, ETC. NOTE
Bibliography, etc Includes bibliographical references and index.
650 ## - SUBJECT ADDED ENTRY--TOPICAL TERM
Topical term or geographic name as entry element Legal research--United States.
650 ## - SUBJECT ADDED ENTRY--TOPICAL TERM
Topical term or geographic name as entry element Legal composition.
700 ## - ADDED ENTRY--PERSONAL NAME
Personal name Albright, Jennifer R.
942 ## - ADDED ENTRY ELEMENTS (KOHA)
Source of classification or shelving scheme
Koha item type Book
Holdings
Withdrawn status Lost status Source of classification or shelving scheme Damaged status Not for loan Home library Current library Shelving location Date acquired Total Checkouts Total Renewals Full call number Barcode Checked out Date last seen Date checked out Copy number Price effective from Koha item type
          Riara University Library Riara University Library General stack 03/11/2015 24 1 KF240 .P885 2014 6643/15 09/02/2026 15/01/2026 15/01/2026 C.1 03/11/2015 Book
          Riara University Library Riara University Library General stack 03/11/2015 11   KF240 .P885 2014 6644/15   30/06/2025 13/06/2025 C.2 03/11/2015 Book

Riara University Library,
P.O. Box 49940-00100,
Nairobi, Kenya.